000 00604nam a22001697a 4500
999 _c14734
_d14734
003 AR-CdUCM
008 190424b ||||| |||| 00| 0 spa d
040 _aMUNICIPALIDAD PROVINCIAL DEL CUSCO
_cBIBLIOTECA MUNICIPAL DEL CUSCO
082 _aC / 050 /
_bC93
245 _aCuarta recion militar /
260 _aLima :
_bEjercito Peruano,
_c1976.
300 _a51 páginas ;
_c21 cm.
440 _aBoletín informativo
_n04
_933608
505 _aUna ley dignificante -- Primer código de justicia militar -- Como se acaba con el hábito de la preocupación...
942 _2ddc
_cPP
945 _awfj
_d2019-04-24